000 00558cam a22002051a 4500
001 he 65000913
003 DLC
005 20260227111431.0
008 840307s1965 is 000 0 hebr
010 _ahe 65000913
035 _a(OCoLC)19144410
040 _aDLC
_cMH
_dAzU
_dDLC
042 _apremarc
050 0 0 _aPJ5054.G66
_bI8
100 1 _aGouri, Haim,
_d1923-
245 1 0 _aʻIsḳat ha-shoḳolad /
_c[me-et] Ḥayim Guri.
260 _aTel Aviv :
_bha-Ḳibuts ha-meʼuḥad,
_c[1965]
300 _a137 p. ;
_c21 cm.
752 _aIsrael
_dTel Aviv
999 _c31201
_d31201